000 004440000a22001810004500
003 MACL
005 20160105113814.0
008 160105b xxu||||| |||| 00| 0 eng d
040 _aMACL
_cMACL
041 _aEnglish
082 _a823/BEA
100 _aBeach, Joseph Warren
_927727
245 _aThe Twentieth Century Novel
260 _bLyall Book Depot
_c1965
_aMeerut
350 _a15
650 _aNovel
_9153
942 _cBK
_k823/BEA
_2ddc
999 _c39480
_d39480